| 000 | 00737nam a2200181 i 4500 | ||
|---|---|---|---|
| 001 | 179980 | ||
| 003 | ES-MaACL | ||
| 005 | 20230906220947.0 | ||
| 007 | t| | ||
| 008 | 120312s1913 sp ||||1| spa d | ||
| 080 | _a631:061.231(460.224)(060.55) | ||
| 110 | 0 |
_aAsociacion de Labradores de Zaragoza y su Provincia. _91610 |
|
| 245 | 1 | 0 |
_aMemoria presentada por la Junta Directiva a la Asamblea General de señores asociados en 27 de abril de 1913 / _cAsociación de Labradores de Zaragoza y su Provincia. |
| 260 |
_aZaragoza : _b[s.n.], _c1913 ( _fTip. de G. Casañal) |
||
| 300 |
_a35 p. [1] h. pleg. ; _c22 cm. |
||
| 610 | 2 | 4 |
_aAsociación de Labradores de Zaragoza y su Provincia- _vMemorias. _9149576 |
| 852 |
_aES-MaACL _jT-1399-F-4 |
||
| 999 |
_c179980 _d179980 |
||